Reinforced Concrete Structural Elements (Record no. 19169)
[ view plain ]
| 000 -LEADER | |
|---|---|
| fixed length control field | 00350nam a22001337a 4500 |
| 003 - CONTROL NUMBER IDENTIFIER | |
| control field | OSt |
| 008 - FIXED-LENGTH DATA ELEMENTS--GENERAL INFORMATION | |
| fixed length control field | 250128b |||||||| |||| 00| 0 eng d |
| 041 ## - LANGUAGE CODE | |
| Language code of text/sound track or separate title | eng |
| 082 ## - DEWEY DECIMAL CLASSIFICATION NUMBER | |
| Classification number | 624.18341 |
| Item number | PUR/RE |
| 100 ## - MAIN ENTRY--AUTHOR NAME | |
| Personal name | Purushothaman |
| 245 ## - TITLE STATEMENT | |
| Title | Reinforced Concrete Structural Elements |
| 260 ## - PUBLICATION, DISTRIBUTION, ETC. (IMPRINT) | |
| Name of publisher | Tata Mc Graw Hill Publishing Co Ltd, |
| Year of publication | 1984. |
| 942 ## - ADDED ENTRY ELEMENTS (KOHA) | |
| Koha item type | Books |
| Withdrawn status | Lost status | Damaged status | Home library | Current library | Date acquired | Cost, normal purchase price | Full call number | Accession Number | Koha item type |
|---|---|---|---|---|---|---|---|---|---|
| KAUAET | KAUAET | 28/01/2025 | 165.00 | 624.18341 PUR/RE | 16817 | Books |
